000 00243 a2200109 4500
001 60951
090 _c37043
_d37043
100 _aPAF
245 _aCommunication Skills (Non GD Courses)
260 _aPAF Base Maeroor
_bPAF Press Masroor
300 _a64p
942 _aCAENUST
999 _c296024
_d296024